00646 a2200157 4500020001500000040001300015082000800028245008800036260005000124300003400174500011200208650001400320700002500334700003100359710009800390 a093976587X aDLCbDLC00a51500aContemporary calculus through applications cKevin G. Bartkovich, Gloria B. Barrett aDedham, Mass. :bJanson Publications,cc1996. axiv, 512 p. :bill. ;c25 cm. a"The Department of Mathematics and Computer Science, the North Carolina School of Science and Mathematics." 0aCalculus.1 aBartkovich, Kevin G.1 aBarrett, Gloria B.,d1948-2 aNorth Carolina School of Science and Mathematics.bDept. of Mathematics and Computer Science.